| Tag |
First Indicator |
Second Indicator |
Subfields |
| LEADER |
00000cim a2200000Ii 4500 |
| 001 |
in00003519721 |
| 005 |
20151206124530.0 |
| 007 |
sd fmngnnmmned |
| 008 |
140717s2014 nyunnnne f n eng d |
| 020 |
|
|
|a 9781427243751
|
| 020 |
|
|
|a 1427243751
|
| 024 |
3 |
|
|z 9781427243751
|d 53999
|
| 035 |
|
|
|a (OCoLC)ocn885207623
|
| 040 |
|
|
|a TOH
|b eng
|e rda
|c TOH
|d KYB
|d TEF
|d IH7
|d ZHB
|d IMD
|d UtOrBLW
|
| 043 |
|
|
|a n-us-pa
|
| 049 |
|
|
|a TXAM
|
| 050 |
|
4 |
|a PS3569.C725
|b B48 2014ab
|
| 082 |
0 |
4 |
|a 813/.54
|2 23
|
| 090 |
|
|
|a PS3569.C725
|b B48 2014
|
| 100 |
1 |
|
|a Scottoline, Lisa,
|e author.
|
| 245 |
1 |
0 |
|a Betrayed /
|c Lisa Scottoline.
|
| 264 |
|
1 |
|a [New York] :
|b Macmillan Audio,
|c [2014]
|
| 264 |
|
4 |
|c ℗2014
|
| 300 |
|
|
|a 8 audio discs (600 min.) :
|b digital, CD audio ;
|c 4 3/4 in.
|
| 306 |
|
|
|a 100000
|
| 336 |
|
|
|a spoken word
|b spw
|2 rdacontent
|
| 337 |
|
|
|a audio
|b s
|2 rdamedia
|
| 338 |
|
|
|a audio disc
|b sd
|2 rdacarrier
|
| 490 |
1 |
|
|a Rosato & Associates novel. Spoken word
|
| 511 |
0 |
|
|a Read by Maria Bello.
|
| 520 |
|
|
|a Judy's best friend is a new partner and almost a new bride. Judy is not jealous, but not happy either as she questions her career and love life. When she learns that her Aunt Vicky has been diagnosed with breast cancer, she races to her aunt's side. She finds her aunt is dealing with the sudden death of a friend; Emelia, an undocumented worker. Her death looks unnatural to Judy, so she investigates, which leads her into an underground world far more dangerous than she ever imagined.
|
| 650 |
|
0 |
|a Rosato & Associates (Imaginary organization)
|v Fiction.
|
| 650 |
|
0 |
|a Murder
|x Investigation
|v Fiction.
|
| 650 |
|
0 |
|a Family secrets
|v Fiction.
|
| 650 |
|
0 |
|a Illegal aliens
|v Fiction.
|
| 650 |
|
0 |
|a Women lawyers
|v Fiction.
|
| 651 |
|
0 |
|a Philadelphia (Pa.)
|v Fiction.
|
| 655 |
|
7 |
|a Audiobooks.
|2 lcgft
|
| 655 |
|
7 |
|a Mystery fiction.
|2 gsafd
|
| 655 |
|
7 |
|a Suspense fiction.
|2 gsafd
|
| 700 |
1 |
|
|a Bello, Maria,
|d 1967-
|e author.
|
| 710 |
2 |
|
|a Macmillan Audio (Firm)
|
| 800 |
1 |
|
|a Scottoline, Lisa.
|t Rosato & Associates novel.
|s Spoken word.
|
| 948 |
|
|
|a cataloged
|b h
|c 2015/2/10
|d c
|e ceaton
|f 10:44:29 am
|
| 994 |
|
|
|a C0
|b TXA
|
| 999 |
|
|
|a MARS
|
| 999 |
f |
f |
|s c9e1b65e-7663-3bc1-b7b2-06313b3868a3
|i 22709ab8-607d-3d03-9594-5dbcd5421241
|t 0
|
| 952 |
f |
f |
|p normal
|a Texas A&M University
|b College Station
|c Sterling C. Evans Library
|d Evans: Library Stacks
|t 0
|e PS3569.C725 B48 2014
|h Library of Congress classification
|i audio -- audio disc
|m A14843000036
|
| 998 |
f |
f |
|a PS3569.C725 B48 2014
|t 0
|l Evans: Library Stacks
|